A corazón abierto
Salvato in:
| Autore principale: | |
|---|---|
| Altri autori: | |
| Natura: | Libro |
| Lingua: | inglese spagnolo |
| Pubblicazione: |
El Aleph Editores
Barcelona, España
2006
|
| Edizione: | Primera edición |
| Serie: | Modernos y clásicos de El Aleph,
241 |
| Soggetti: | |
| Tags: |
Aggiungi Tag
Nessun Tag, puoi essere il primo ad aggiungerne!!
|
MARC
| LEADER | 00000nam a22000007a 4500 | ||
|---|---|---|---|
| 003 | CL-VaPUC | ||
| 005 | 20240514135943.0 | ||
| 008 | 210603b ||||| |||| 00| 0 eng d | ||
| 999 | |c 433023 |d 433021 | ||
| 020 | |a 8476697457 | ||
| 040 | |c Pontificia Universidad Católica de Valparaíso | ||
| 041 | 0 | |a spa | |
| 082 | 0 | 4 | |2 21 |a 843 ROM 2006 |
| 100 | 1 | |a Romilly, Jacqueline de |e autora |9 814385 | |
| 245 | 1 | 2 | |a A corazón abierto |
| 250 | |a Primera edición | ||
| 260 | 3 | |a El Aleph Editores |b Barcelona, España |c 2006 | |
| 300 | |a 237 páginas | ||
| 490 | |a Modernos y clásicos de El Aleph, |v 241 | ||
| 500 | |a Donación VRA N. Vásquez L. | ||
| 583 | |c 20210603 |k Daniel Castañeda | ||
| 650 | 0 | 0 | |a Novela francesa |9 264985 |
| 650 | 0 | 0 | |9 266330 |a Literatura francesa |
| 700 | 1 | |a González-Gallarza, Isabel |e traductora |9 861203 | |
| 942 | |2 ddc |c BK | ||
| 952 | |0 0 |1 0 |2 ddc |4 0 |6 843_000000000000000_ROM_2006 |7 0 |8 A |9 577980 |a BIBHIS |b BIBHIS |d 2021-06-03 |i 5621739 |o 843 ROM 2006 |p 5621739 |r 2025-01-20 |t 1 |w 2021-06-03 |y BK |k HIS | ||